| 000 | 00720nam a2200181Ia 4500 | ||
|---|---|---|---|
| 999 |
_c4324 _d4324 |
||
| 003 | OSt | ||
| 005 | 20200623093637.0 | ||
| 008 | 191128s9999 xx 000 0 und d | ||
| 040 |
_aCO-JMCR _cCO-JMCR |
||
| 041 | _aspa | ||
| 082 | 0 | 4 |
_aJ / _bQUI |
| 245 | 1 | 0 |
_a¿Quién es inocente? : _b juego clásico de adivinanzas a través de preguntas / |
| 300 | _a1 juego (2 tableros, 48 cartas con personajes, 48 cartas misteriosas) | ||
| 500 | _aRecomendado a partir de 5 años. | ||
| 520 | _aEs un juego de adivinanzas en donde participan dos jugadores. Cada uno de ellos dispone de un tablero idéntico que contiene 24 caricaturas de personajes identificados por su nombre. | ||
| 650 |
_aJuego de mesa _95949 |
||
| 942 |
_2ddc _cBK |
||